<?xml version="1.0" encoding="UTF-8"?><?xml-stylesheet type="text/xsl" href="static/style.xsl"?><OAI-PMH xmlns="http://www.openarchives.org/OAI/2.0/" xmlns:xsi="http://www.w3.org/2001/XMLSchema-instance" xsi:schemaLocation="http://www.openarchives.org/OAI/2.0/ http://www.openarchives.org/OAI/2.0/OAI-PMH.xsd"><responseDate>2026-06-07T16:53:41Z</responseDate><request verb="GetRecord" identifier="oai:docta.ucm.es:20.500.14352/125434" metadataPrefix="marc">https://docta.ucm.es/rest/oai/request</request><GetRecord><record><header><identifier>oai:docta.ucm.es:20.500.14352/125434</identifier><datestamp>2025-10-28T00:49:19Z</datestamp><setSpec>com_20.500.14352_14</setSpec><setSpec>col_20.500.14352_15</setSpec></header><metadata><record xmlns="http://www.loc.gov/MARC21/slim" xmlns:dcterms="http://purl.org/dc/terms/" xmlns:xsi="http://www.w3.org/2001/XMLSchema-instance" xmlns:doc="http://www.lyncode.com/xoai" xsi:schemaLocation="http://www.loc.gov/MARC21/slim http://www.loc.gov/standards/marcxml/schema/MARC21slim.xsd">
   <leader>00925njm 22002777a 4500</leader>
   <datafield ind2=" " ind1=" " tag="042">
      <subfield code="a">dc</subfield>
   </datafield>
   <datafield ind2=" " ind1=" " tag="720">
      <subfield code="a">Garcés Casao, Diego</subfield>
      <subfield code="e">author</subfield>
   </datafield>
   <datafield ind2=" " ind1=" " tag="720">
      <subfield code="a">Santos Peñas, Matilde</subfield>
      <subfield code="e">author</subfield>
   </datafield>
   <datafield ind2=" " ind1=" " tag="720">
      <subfield code="a">Fernández-Llorca, David</subfield>
      <subfield code="e">author</subfield>
   </datafield>
   <datafield ind2=" " ind1=" " tag="260">
      <subfield code="c">2025-04-14</subfield>
   </datafield>
   <datafield ind2=" " ind1=" " tag="520">
      <subfield code="a">During the production of an animated film, professionals at the animation studio prepare thousands of notes. These notes describe improvements and corrections identified by supervisors and directors during daily meetings where the film’s progress is reviewed. After each meeting, these notes are manually distributed to the appropriate departments that need to address them. Due to the manual nature of this process, many notes are not assigned correctly, and the identified issues are not addressed, reducing the final quality of the film. This article describes and compares several approaches to automatically distribute notes using multi-label text classification with different language models (LM). Implemented methods include logistic regression models, encoder-only models such as the BERT family, and decoder-only models such as Llama 2 including fine-tuning and QLoRA techniques. Training and inference were conducted on a local RTX-3090. The results of the different techniques have been compared, achieving a maximum average accuracy of 0.83 and an f1-score of 0.89 with the fine-tuned Multilingual BERT model. This demonstrates the validity of these models for multi-label text classification, as well as their usefulness in a hitherto unexplored area such as animation studios.</subfield>
   </datafield>
   <datafield ind1="8" ind2=" " tag="024">
      <subfield code="a">Garces, D., Santos, M., &amp; Fernandez-Llorca, D. (2025). Leveraging language models for automated distribution of review notes in animated productions. Neurocomputing, 626, 129620.</subfield>
   </datafield>
   <datafield ind1="8" ind2=" " tag="024">
      <subfield code="a">https://doi.org/10.1016/j.neucom.2025.129620</subfield>
   </datafield>
   <datafield ind1="8" ind2=" " tag="024">
      <subfield code="a">https://hdl.handle.net/20.500.14352/125434</subfield>
   </datafield>
   <datafield ind1="8" ind2=" " tag="024">
      <subfield code="a">https://www.sciencedirect.com/science/article/pii/S0925231225002929</subfield>
   </datafield>
   <datafield ind2="0" ind1="0" tag="245">
      <subfield code="a">Leveraging language models for automated distribution of review notes in animated productions, Neurocomputing</subfield>
   </datafield>
</record></metadata></record></GetRecord></OAI-PMH>